000 00290nam a22001337a 4500
008 170608b xxu||||| |||| 00| 0 eng d
020 _a9780618913565
041 _aeng
080 _a32
100 _a18
101 _aSHP
245 _aTHE CHALLENGE OF DEMOCRACY
_cJANDA
942 _2udc
_cBK
999 _c16384
_d16384